000 00638nam a2200181Ia 4500
008 090630s9999 xx 000 0 und d
082 _b27121
100 _aदेशपांडे कृ. पं.
245 _aक्रांतीचंद्र.
_cदेशपांडे कृ. पं.
260 _bअमोल - पुणे.
_c2005
300 _a528
600 _aदेशपांडे कृ. पं.
630 _aक्रांतीचंद्र.
655 _aकादंबरी.
700 _aदेशपांडे कृ. पं.
730 _aक्रांतीचंद्र.
942 _cBOOK
999 _c278977
_d278977